01325nem a2200253 i 450000100060000000300090000600500170001500700030003200800410003511000560007624501560013224701970028825500220048526000580050730000750056550100980064050700570073865000380079565000380083365000400087185200220091199900170093395201210095040217ES-MaACL20230906160151.0t|030305s1864 sp | |0|1||spa d2 aEspaña. bDirección General de Correos.916039410aCarta de Correos y Postas de las provincias de Huesca, Teruel y Zaragoza [hMaterial cartográfico] / ctrazada por la Dirección General de Correos.01aLa h. pleg.: " Lista alfabética correspondiente a la Carta de Correos y Postas de Aragón, con todas las poblaciones que tienen correo diario en las provincias de Huesca, Teruel y Zaragoza" aEscala 1:500.000. a[Madrid?] : bDirección General de Correos, c1864. a1 h. pleg. : b1 map. col. ; c54,5 x 69,5 cm., pleg. en 14 x 10,5 cm. aEn el plano tabla de signos convencionales de conducciones y límites reflejados en el mapa. aEscala expresada también en leguas de 20.000 pies. 4aPostas-zHuesca-vPlanos.9160416 4aPostas-zTeruel-vPlanos.9160417 4aPostas-zZaragoza-vPlanos.9160418 aES-MaACLjG-13395 c40217d40217 00104070aATENEOMbATENEOMcSPP3d2008-01-17eSCl0oG-13395p1042340r2023-02-23 00:00:00w2023-02-23yCARTOGRAFI